00539nam a22001457a 4500008004100000040005500041245004100096260005500137300001000192500003300202650001300235942001300248999001700261952011500278230725b |||||||| |||| 00| 0 eng d aNational Science LibrarycNational Science Library a1970 Handbook of Agricultural charts aWashington: bUS Department of Agriculture, c1970 a145p. aAgriculture handbook no. 397 aHandbook 2udccHDK c55105d55105 00102udc4070995573aNSLbNSLcGF/Rk-8/C-22/R-1d2023-07-25l0p65984r2023-07-25 00:00:00w2023-07-25yHDK